APAS 3D mozgás analizátor alkalmazása a sporttudományi vizsgálatokban

Elmentve itt :
Bibliográfiai részletek
Szerző: Szablics Péter
Dokumentumtípus: Prezentáció
Megjelent: 2011
Kulcsszavak:sporttudomány
Tárgyszavak:
Online Access:http://eta.bibl.u-szeged.hu/4181
LEADER 00699nnm a2200205 i 4500
001 eta4181
005 20201211113106.0
008 201211s2011 hu o 0|| hun d
040 |a SZTE Elektronikus Tananyag Archívum  |b hun 
041 |a hun 
100 1 |a Szablics Péter 
245 1 0 |a APAS 3D mozgás analizátor alkalmazása a sporttudományi vizsgálatokban  |h [elektronikus dokumentum] /  |c  Szablics Péter 
260 |c 2011 
300 |a 7 
516 |a Presentation 
650 4 |a Orvos- és egészségtudomány 
650 4 |a Egészségtudományok 
650 4 |a Sport és fitnesztudományok 
695 |a sporttudomány 
856 4 0 |u https://eta.bibl.u-szeged.hu/4181/1/2010-0012_92_03.pdf  |z Dokumentum-elérés